Marina (Record no. 64081)

MARC details
000 -LÍDER
campo de controle de tamanho fixo 00324 a2200157 4500
001 - NÚMERO DE CONTROLE
campo de controle 64081
020 ## - ISBN - INTERNATIONAL STANDARD BOOK NUMBER
ISBN - International Standard Book Number 9788581050164
040 ## - FONTE DA CATALOGAÇÃO
Instituição que transcreveu o registro Anchieta - Pituba
100 ## - ENTRADA PRINCIPAL--NOME PESSOAL
Nome pessoal Ruiz Zafón, Carlos
240 10 - TÍTULO UNIFORME
Título uniforme Marina
Idioma da obra por
245 10 - TÍTULO
Título Marina
300 ## - DESCRIÇÃO FÍSICA
Extensão 189p.
362 0# - DATAS DE PUBLICAÇÃO E/OU DESIGNAÇÃO SEQUENCIAL
Datas de publicação e/ou designação sequencial 2011
650 #4 - ASSUNTO--TERMO TÓPICO
Cabeçalho tópico ou nome geográfico Ficção espanhola
942 ## - ELEMENTOS DE ENTRADA ADICIONADOS (KOHA)
Tipo de material Koha Livros
Holdings
Situação do descarte Situação das perdas Situação física Não pode ser emprestado Biblioteca de origem Biblioteca atual Data de aquisição Total de empréstimos Número de chamada completo Código de barras Data de último acesso Data do preço efetivo Tipo de material Koha
        Colégio Anchieta - Pituba Colégio Anchieta - Pituba 21/11/2023   863 R934m RUI MAR 17696/PIT 21/11/2023 21/11/2023 Livros
        LEONARDO DA VINCI - BUTANTÃ LEONARDO DA VINCI - BUTANTÃ 27/03/2024   863 Z22m T00727 27/03/2024 27/03/2024 Livros
        Leonardo Da Vinci - Alphaville 1 Leonardo Da Vinci - Alphaville 1 27/03/2024   863 Z22m A00602LVA 27/03/2024 27/03/2024 Livros
        Leonardo Da Vinci - Granja Viana Leonardo Da Vinci - Granja Viana 27/03/2024   863 Z22m G00676 27/03/2024 27/03/2024 Livros
        Leonardo Da Vinci - Osasco Leonardo Da Vinci - Osasco 27/03/2024   863 Z22m O014876 27/03/2024 27/03/2024 Livros
        Leonardo Da Vinci - Osasco Leonardo Da Vinci - Osasco 27/03/2024   863 Z22m V00173 27/03/2024 27/03/2024 Livros